Designio (Registro nro. 3098)
[ vista simple ]
| 000 -Cabecera | |
|---|---|
| Campo de control de longitud fija | 00586aam a2200241 4500 |
| 005 - Fecha y hora de la última transacción | |
| Campo de control | 20240808192814.0 |
| 008 - Elementos de longitud fija--Información general | |
| Campo de control de longitud fija | 150318b xxu||||| |||| 00| 0 spa d |
| 020 ## - International Standard Book Number | |
| Número Internacional Estándar del Libro (ISBN) | 9786070711381 |
| 041 ## - Idioma | |
| Código de idioma | Español |
| 082 ## - Clasificación Decimal Dewey | |
| Número de clasificación | 813.54 H685d |
| 100 ## - Entrada principal--Autor personal | |
| Nombre personal | Hocking, Amanda |
| 9 (RLIN) | 486 |
| 245 ## - Título propiamente dicho | |
| Título | Designio |
| 260 ## - Pie de imprenta | |
| Lugar de publicación, distribución, etc. | México |
| 260 ## - Pie de imprenta | |
| Nombre del editor, distribuidor, etc. | Planeta Mexicana |
| 260 ## - Pie de imprenta | |
| Fecha de publicación, distribución, etc. | 2012 |
| 300 ## - Descripción física | |
| Extensión | 315 páginas |
| 440 ## - Declaración de serie/asiento adicional--título | |
| Título de la serie | Lazos de sangre |
| 650 ## - Materia general | |
| Temática (materia general) | LITERATURA ESTADOUNIDENSE |
| 650 ## - Materia general | |
| Temática (materia general) | NOVELA ESTADOUNIDENSE |
| 650 ## - Materia general | |
| Temática (materia general) | VAMPIROS |
| 650 ## - Materia general | |
| Temática (materia general) | NOVELA ROMÁNTICA |
| 942 ## - Punto de acceso adicional KOHA | |
| Tipo de ítem KOHA | Literatura |
| Fuente del sistema de clasificación o colocación | Dewey Decimal Classification |
| Signatura completa | Código de barras | Tipo de ítem |
|---|---|---|
| 813.54 H685d | 17877 | Literatura |